Sports Quiz

Random Sports or Baseball Quiz

1990 NL Opening Day Lineups Quiz Stats

 Plays Quiz not verified by Sporcle

Challenge
Share
Tweet
Embed
Score 0/120 Timer 12:00
0 Plays Today
Team Player % Correct
Pittsburgh Pirates (1)Barry Bonds
94.6%
Chicago Cubs (1)Dwight Smith
92.9%
St. Louis Cardinals (3)Ozzie Smith
92.9%
New York Mets (4)Howard Johnson
91.6%
New York Mets (4)Davey Johnson
91.5%
Chicago Cubs (1)Ryne Sandberg
90.9%
Pittsburgh Pirates (1)Bobby Bonilla
90.3%
Cincinnati Reds (0)Barry Larkin
89.3%
Cincinnati Reds (0)Eric Davis
89%
Houston Astros (2)Glenn Davis
89%
San Francisco Giants (1)Will Clark
88.1%
New York Mets (4)Darryl Strawberry
87.9%
San Diego Padres (2)Jack Clark
87.9%
Pittsburgh Pirates (1)Andy Van Slyke
85.8%
San Diego Padres (2)Tony Gwynn
85.3%
San Francisco Giants (1)Gary Carter
84.3%
San Diego Padres (2)Joe Carter
84.3%
Houston Astros (2)Craig Biggio
83.7%
Cincinnati Reds (0)Chris Sabo
82.7%
San Francisco Giants (1)Matt Williams
82.7%
St. Louis Cardinals (3)Terry Pendleton
80.2%
San Francisco Giants (1)Kevin Mitchell
78.5%
New York Mets (4)Dwight Gooden
76.7%
Atlanta Braves (5)Dale Murphy
76.3%
Chicago Cubs (1)Mark Grace
75.9%
Pittsburgh Pirates (1)Jay Bell
75.9%
Philadelphia Phillies (1)Darren Daulton
75.7%
Montreal Expos (2)Tim Wallach
75.6%
Pittsburgh Pirates (1)Sid Bream
74.7%
St. Louis Cardinals (3)Willie McGee
74.6%
Philadelphia Phillies (1)John Kruk
74.6%
Atlanta Braves (5)Tom Glavine
73.1%
Los Angeles Dodgers (2)Tommy Lasorda
72.2%
Houston Astros (2)Glenn Wilson
71.9%
Pittsburgh Pirates (1)Doug Drabek
71.2%
St. Louis Cardinals (3)Vince Coleman
71.1%
Montreal Expos (2)Dennis Martinez
70.2%
San Francisco Giants (1)Robby Thompson
69.6%
Pittsburgh Pirates (1)Jim Leyland
68.8%
Los Angeles Dodgers (2)Orel Hershiser
67.2%
Team Player % Correct
Montreal Expos (2)Tim Raines
67%
Chicago Cubs (1)Shawon Dunston
66.2%
Atlanta Braves (5)Jeff Blauser
66.1%
Atlanta Braves (5)Russ Nixon
65.8%
Montreal Expos (2)Larry Walker
65.5%
Montreal Expos (2)Marquis Grissom
64.9%
Cincinnati Reds (0)Lou Piniella
64.5%
St. Louis Cardinals (3)Pedro Guerrero
64.2%
Montreal Expos (2)Andres Galarraga
62.6%
New York Mets (4)Kevin McReynolds
62.1%
Houston Astros (2)Mike Scott
61.9%
San Diego Padres (2)Benito Santiago
61.8%
Los Angeles Dodgers (2)Mike Scioscia
61.7%
Cincinnati Reds (0)Paul O'Neill
60.5%
Montreal Expos (2)Delino DeShields
60.1%
San Francisco Giants (1)Brett Butler
59.3%
Houston Astros (2)Ken Caminiti
58%
San Diego Padres (2)Roberto Alomar
57.4%
Philadelphia Phillies (1)Von Hayes
56.1%
St. Louis Cardinals (3)Whitey Herzog
55.9%
Philadelphia Phillies (1)Tommy Herr
55.6%
Philadelphia Phillies (1)Charlie Hayes
55.5%
Cincinnati Reds (0)Tom Browning
55.3%
Pittsburgh Pirates (1)Jose 'Chico' Lind
55.1%
Pittsburgh Pirates (1)Mike LaValliere
54.8%
Cincinnati Reds (0)Billy Hatcher
54.3%
Chicago Cubs (1)Jerome Walton
54.1%
Los Angeles Dodgers (2)Eddie Murray
52.8%
Cincinnati Reds (0)Mariano Duncan
51.6%
Cincinnati Reds (0)Joe Oliver
51.4%
San Francisco Giants (1)Roger Craig
51.2%
Los Angeles Dodgers (2)Juan Samuel
50.7%
New York Mets (4)Gregg Jefferies
50.3%
Pittsburgh Pirates (1)Wally Backman
48.6%
Houston Astros (2)Bill Doran
47.1%
San Diego Padres (2)Garry Templeton
44.5%
New York Mets (4)Kevin Elster
44.4%
Houston Astros (2)Rafael Ramirez
44.3%
New York Mets (4)Mike Marshall
43.9%
St. Louis Cardinals (3)Todd Zeile
43.3%
Team Player % Correct
San Diego Padres (2)Bip Roberts
42.5%
San Francisco Giants (1)Jose Uribe
42.4%
San Francisco Giants (1)Rick Reuschel
42.4%
Philadelphia Phillies (1)Dickie Thon
42.3%
Houston Astros (2)Gerald Young
41.3%
Philadelphia Phillies (1)Ricky Jordan
41.1%
Chicago Cubs (1)Don Zimmer
40%
San Francisco Giants (1)Kevin Bass
39.9%
Cincinnati Reds (0)Todd Benzinger
39%
Los Angeles Dodgers (2)Kal Daniels
37.9%
St. Louis Cardinals (3)Jose Oquendo
37.2%
Chicago Cubs (1)Joe Girardi
37.1%
Los Angeles Dodgers (2)Hubie Brooks
36.1%
Houston Astros (2)Art Howe
36%
Los Angeles Dodgers (2)Alfredo Griffin
36%
Los Angeles Dodgers (2)Willie Randolph
34.8%
Montreal Expos (2)Buck Rodgers
34.2%
Atlanta Braves (5)Jeff Treadway
33.1%
Montreal Expos (2)Spike Owen
32%
St. Louis Cardinals (3)Joe Magrane
31.8%
Atlanta Braves (5)Nick Esasky
31.1%
San Diego Padres (2)Jack McKeon
29.2%
Los Angeles Dodgers (2)Jeff Hamilton
29%
New York Mets (4)Keith Miller
28.6%
St. Louis Cardinals (3)Tom Brunansky
28.4%
Chicago Cubs (1)Luis Salazar
24.9%
San Diego Padres (2)Bruce Hurst
24.4%
Houston Astros (2)Eric Anthony
22.9%
Atlanta Braves (5)Oddibe McDowell
21.4%
Montreal Expos (2)Nelson Santovenia
21.2%
Philadelphia Phillies (1)Nick Leyva
21%
New York Mets (4)Barry Lyons
20.6%
Chicago Cubs (1)Mike Bielecki
20%
Atlanta Braves (5)Jim Presley
18.8%
Atlanta Braves (5)Ernie Whitt
17.4%
Chicago Cubs (1)Lloyd McClendon
16.2%
San Diego Padres (2)Fred Lynn
13.4%
Atlanta Braves (5)Tommy Gregg
13%
Philadelphia Phillies (1)Bruce Ruffin
12.7%
Philadelphia Phillies (1)Sil Campusano
11.5%

You're not logged in!

Compare scores with friends on all Sporcle quizzes.
Join for Free
OR
Log In

You Might Also Like...

Show Comments

Extras

Top Quizzes Today


Score Distribution

Your Account Isn't Verified!

In order to create a playlist on Sporcle, you need to verify the email address you used during registration. Go to your Sporcle Settings to finish the process.

Report this User

Report this user for behavior that violates our Community Guidelines.

Details: